| 000 | 00942nam a2200301Ia 4500 | ||
|---|---|---|---|
| 001 | Para_7346 | ||
| 003 | CHAP | ||
| 008 | 220125s1925 xx 000 0 und d | ||
| 010 | _a206234 | ||
| 040 | _cCHAP | ||
| 082 | _aPA-C 631.81 B86 | ||
| 100 |
_aNelson, Martin _9172343 |
||
| 245 |
_aResults of fertilizer experiments with cotton 1924 / _c by Martin Nelson and Ward H. Sachs |
||
| 260 |
_aFayetteville, Ark : _b University of Arkansas Agricultural Experiment Station |
||
| 300 | _a12 p. | ||
| 440 |
_aBulletin , 195 _9172473 |
||
| 500 | _aEnc. con impresos similares | ||
| 650 |
_aFertilizantes _x colecciones de escritos _9172309 |
||
| 650 |
_aFertilizantes _x efecto en algodón _940477 |
||
| 700 |
_aSachs, Ward H. _9171826 |
||
| 901 | _aPA-C 631.81 B86 | ||
| 902 | _aA | ||
| 905 | _a0000001925 0000000000 00 | ||
| 910 | _a1925 | ||
| 942 | _cPARA | ||
| 942 |
_cPARA _d1 |
||
| 999 |
_c206234 _d206234 |
||